| 000 | 00352nam a22001577a 4500 | ||
|---|---|---|---|
| 003 | SGT | ||
| 020 | _a13:978-0-495-50648-5 | ||
| 082 | _a614, D09C | ||
| 100 | _aCORR, CHARLES A. | ||
| 245 | _aDEATH & DYING LISE & LIVING | ||
| 250 | _a6TH | ||
| 260 |
_aAUSTRALIA _bWADS WORTH _c2009 |
||
| 300 | _a412 | ||
| 650 | _aPUBLIC HEALTH | ||
| 942 |
_2ddc _cBK |
||
| 999 |
_c8383 _d8383 |
||